[Event "Magistral Bicentenario Ciudad de Lanús"]
[Site "Lanús ARG"]
[Date "2010.04.12"]
[Round "1.1"]
[White "Blit, Jacques"]
[Black "Contin, Daniel"]
[Result "1-0"]
[WhiteElo "2400"]
[BlackElo "2309"]
[PlyCount "91"]
[EventDate "2010.04.12"]
[EventType "tourn"]
[EventRounds "9"]
[EventCountry "ARG"]
[EventCategory "4"]
[Source "lmi"]
[SourceDate "2010.04.12"]

1. e4 e6 2. d4 d5 3. e5 c5 4. c3 Bd7 5. Nf3 Qb6 6. Bd3 Nc6 7. dxc5 Bxc5 8. O-O
a5 9. Qe2 Nge7 10. Nbd2 a4 11. Re1 Ng6 12. Nf1 f6 13. exf6 gxf6 14. Bh6 Qc7 15.
Bxg6+ hxg6 16. Bg7 Kf7 17. Bxh8 Rxh8 18. Rad1 Qb6 19. b4 axb3 20. axb3 Ne7 21.
Ne3 Qxb3 22. Rb1 Qxc3 23. Nxd5 Nxd5 24. Rxb7 Nc7 25. Ng5+ Ke7 26. Nxe6 Qxe1+
27. Qxe1 Nxe6 28. Qe4 f5 29. Qc6 Rd8 30. h4 Bd4 31. Qd5 Nf4 32. Qb5 Ne6 33. Qd5
Nf4 34. Qf3 Ne6 35. Qg3 Kf6 36. Qa3 Bc5 37. Qc1 Rc8 38. Qh6 Bc6 39. Rb1 Bd6 40.
Re1 Nf4 41. g3 Nd3 42. Rd1 Bb5 43. Rxd3 Bxd3 44. Qd2 Bxg3 45. fxg3 Be4 46. Qd6+
1-0

[Event "Magistral Bicentenario Ciudad de Lanús"]
[Site "Lanús ARG"]
[Date "2010.04.12"]
[Round "1.2"]
[White "Villanueva, Mario"]
[Black "Filion, Charles"]
[Result "1-0"]
[WhiteElo "2334"]
[BlackElo "2217"]
[PlyCount "43"]
[EventDate "2010.04.12"]
[EventType "tourn"]
[EventRounds "9"]
[EventCountry "ARG"]
[EventCategory "4"]
[Source "lmi"]
[SourceDate "2010.04.12"]

1. e4 Nc6 2. Nf3 d6 3. d4 Bg4 4. d5 Nb8 5. h3 Bxf3 6. Qxf3 Nf6 7. Nc3 g6 8. g4
Bg7 9. Bd2 c6 10. g5 Nfd7 11. h4 h5 12. gxh6 Bxh6 13. Bxh6 Rxh6 14. O-O-O Qb6
15. Bh3 Ne5 16. Qe2 Qa6 17. Bc8 Qb6 18. Qe3 Nc4 19. Qxb6 axb6 20. Bxb7 Ra7 21.
dxc6 Kd8 22. Nb5 1-0

[Event "Magistral Bicentenario Ciudad de Lanús"]
[Site "Lanús ARG"]
[Date "2010.04.12"]
[Round "1.3"]
[White "Barrionuevo, Pablo"]
[Black "Meza, Hugo"]
[Result "1-0"]
[WhiteElo "2327"]
[BlackElo "2313"]
[PlyCount "77"]
[EventDate "2010.04.12"]
[EventType "tourn"]
[EventRounds "9"]
[EventCountry "ARG"]
[EventCategory "4"]
[Source "lmi"]
[SourceDate "2010.04.12"]

1. d4 Nf6 2. Bg5 e6 3. e4 h6 4. Bxf6 Qxf6 5. c3 d6 6. Nd2 Be7 7. Bd3 e5 8. d5
c6 9. c4 O-O 10. Ne2 Qg6 11. Ng3 Bh4 12. Nf3 Bxg3 13. hxg3 Bg4 14. Qd2 Bxf3 15.
gxf3 Nd7 16. Rc1 Qf6 17. Ke2 a5 18. Rh5 Rfd8 19. Rc3 Nc5 20. Bb1 Qg6 21. Rh4
Rdc8 22. Rc1 b5 23. cxb5 cxb5 24. Rch1 Kf8 25. Rg4 Qf6 26. f4 exf4 27. Rxf4 Qe5
28. b3 g5 29. Rg4 f5 30. f4 Qe7 31. Qd4 fxg4 32. Rxh6 Qg7 33. Rf6+ Kg8 34. e5
Kh8 35. e6 gxf4 36. Rh6+ Kg8 37. Rg6 Ra7 38. Rxg7+ Rxg7 39. Qxf4 1-0

[Event "Magistral Bicentenario Ciudad de Lanús"]
[Site "Lanús ARG"]
[Date "2010.04.12"]
[Round "1.4"]
[White "Nedilski, Diego"]
[Black "Barreto Filho, Carlos Alberto"]
[Result "1-0"]
[WhiteElo "2340"]
[BlackElo "2362"]
[PlyCount "119"]
[EventDate "2010.04.12"]
[EventType "tourn"]
[EventRounds "9"]
[EventCountry "ARG"]
[EventCategory "4"]
[Source "lmi"]
[SourceDate "2010.04.12"]

1. d4 Nf6 2. c4 g6 3. Nc3 Bg7 4. e4 d6 5. f3 O-O 6. Be3 c5 7. Nge2 Nc6 8. Qd2
Qa5 9. d5 Ne5 10. Nc1 e6 11. Be2 exd5 12. cxd5 a6 13. a4 b5 14. Nb3 Qb4 15.
axb5 Qxb3 16. Ra3 Qb4 17. Ra4 Qb3 18. O-O Nxe4 19. fxe4 Nf3+ 20. Rxf3 Bxc3 21.
Qxc3 Qxa4 22. Bh6 Qd4+ 23. Qxd4 cxd4 24. Bxf8 Kxf8 25. bxa6 Bxa6 26. Ra3 Bb7
27. Rxa8+ Bxa8 28. Bb5 Bb7 29. b4 Ke7 30. Kf2 Kd8 31. Bc6 Bc8 32. Ke2 Kc7 33.
Kd3 f5 34. Kxd4 fxe4 35. Kxe4 Kb6 36. Kf4 h6 37. h4 Ba6 38. Ke4 Bb5 39. g3 Be2
40. Be8 Bd1 41. Kd3 g5 42. hxg5 hxg5 43. Bd7 Bb3 44. Ke4 Bc2+ 45. Kd4 Bd1 46.
Be8 Bg4 47. Ke4 Bh3 48. Bf7 Kb5 49. Be6 g4 50. Kf4 Kxb4 51. Bxg4 Bxg4 52. Kxg4
Kc5 53. Kf5 Kxd5 54. g4 Kc6 55. g5 Kd7 56. Kf6 Ke8 57. Kg7 d5 58. g6 d4 59. Kh7
d3 60. g7 1-0

[Event "Magistral Bicentenario Ciudad de Lanús"]
[Site "Lanús ARG"]
[Date "2010.04.12"]
[Round "1.5"]
[White "Saldaño Dayer, Horacio"]
[Black "Pierrot, Facundo"]
[Result "1/2-1/2"]
[WhiteElo "2428"]
[BlackElo "2415"]
[PlyCount "38"]
[EventDate "2010.04.12"]
[EventType "tourn"]
[EventRounds "9"]
[EventCountry "ARG"]
[EventCategory "4"]
[Source "lmi"]
[SourceDate "2010.04.12"]

1. Nf3 c5 2. c4 Nc6 3. d4 cxd4 4. Nxd4 Nf6 5. Nc3 e6 6. a3 Be7 7. e4 O-O 8. Be2
d5 9. exd5 exd5 10. cxd5 Nxd5 11. Nxc6 bxc6 12. Bd2 Bf6 13. O-O Nxc3 14. Bxc3
Bxc3 15. bxc3 Be6 16. Bf3 Bd5 17. Rc1 Qa5 18. c4 Bxf3 19. Qxf3 c5 1/2-1/2

[Event "Magistral Bicentenario Ciudad de Lanús"]
[Site "Lanús ARG"]
[Date "2010.04.13"]
[Round "2.1"]
[White "Contin, Daniel"]
[Black "Pierrot, Facundo"]
[Result "0-1"]
[WhiteElo "2309"]
[BlackElo "2415"]
[PlyCount "70"]
[EventDate "2010.04.12"]
[EventType "tourn"]
[EventRounds "9"]
[EventCountry "ARG"]
[EventCategory "4"]
[Source "lmi"]
[SourceDate "2010.04.12"]

1. c4 e5 2. Nc3 Nf6 3. Nf3 Nc6 4. g3 d5 5. cxd5 Nxd5 6. Bg2 Nb6 7. O-O Be7 8.
d3 O-O 9. a3 a5 10. Be3 Re8 11. Rc1 Bf8 12. Nb5 a4 13. Qe1 Bd7 14. d4 e4 15.
Ng5 Ra5 16. Nxc7 Rxg5 17. Nxe8 Rb5 18. Nxg7 Bxg7 19. Qd2 Bf5 20. Rfd1 Rd5 21.
Bg5 Qe8 22. Rc5 Rxd4 23. Qe1 Qd7 24. Rdc1 Rd5 25. Be3 Bxb2 26. Rb1 Bxa3 27.
Rxc6 bxc6 28. Bxb6 Bb2 29. g4 Bg6 30. Qb4 a3 31. Qa4 Rb5 32. Be3 Qxg4 33. Bh6
Qc8 34. h3 Bg7 35. Bxg7 Rxb1+ 0-1

[Event "Magistral Bicentenario Ciudad de Lanús"]
[Site "Lanús ARG"]
[Date "2010.04.13"]
[Round "2.3"]
[White "Meza, Hugo"]
[Black "Nedilski, Diego"]
[Result "1-0"]
[WhiteElo "2313"]
[BlackElo "2340"]
[PlyCount "97"]
[EventDate "2010.04.12"]
[EventType "tourn"]
[EventRounds "9"]
[EventCountry "ARG"]
[EventCategory "4"]
[Source "lmi"]
[SourceDate "2010.04.12"]

1. d4 d5 2. c4 e6 3. Nc3 c6 4. e3 Bd6 5. Nf3 Nd7 6. Bd3 Ngf6 7. O-O O-O 8. e4
dxe4 9. Nxe4 Nxe4 10. Bxe4 h6 11. Bc2 e5 12. Qd3 f5 13. c5 Bc7 14. Qc3 e4 15.
Bb3+ Kh7 16. Ne1 Nf6 17. f4 Ba5 18. Qc4 b5 19. Qe2 Qxd4+ 20. Be3 Qd8 21. Nc2
Qe7 22. a4 a6 23. axb5 axb5 24. Ra2 Bb7 25. Rfa1 Bc7 26. Nd4 Rxa2 27. Rxa2 Ng4
28. Nxf5 Rxf5 29. Qxg4 Qf6 30. g3 Bb8 31. Ra1 Bc8 32. Rd1 h5 33. Qe2 Be6 34.
Bd4 Qf7 35. Bc2 Bd5 36. Bxe4 Bxe4 37. Qxe4 Qd5 38. Qc2 Qf7 39. Bf2 Bc7 40. Rd4
Kh6 41. Qd3 Qe6 42. Be3 g6 43. b4 Qa2 44. Rd7 Rd5 45. f5+ g5 46. Bxg5+ Kxg5 47.
Qe3+ Kg4 48. Qe4+ Kg5 49. h4+ 1-0

[Event "Magistral Bicentenario Ciudad de Lanús"]
[Site "Lanús ARG"]
[Date "2010.04.13"]
[Round "2.4"]
[White "Filion, Charles"]
[Black "Barrionuevo, Pablo"]
[Result "0-1"]
[WhiteElo "2217"]
[BlackElo "2327"]
[PlyCount "94"]
[EventDate "2010.04.12"]
[EventType "tourn"]
[EventRounds "9"]
[EventCountry "ARG"]
[EventCategory "4"]
[Source "lmi"]
[SourceDate "2010.04.12"]

1. e4 e5 2. Nf3 Nc6 3. Bb5 Nge7 4. c3 g6 5. O-O a6 6. Ba4 Bg7 7. d4 exd4 8.
cxd4 b5 9. Bb3 d6 10. Nc3 O-O 11. h3 Na5 12. Bc2 c5 13. dxc5 dxc5 14. Qxd8 Rxd8
15. Be3 Nb7 16. Rfd1 Be6 17. Rac1 h6 18. Bb1 Nc6 19. Rd2 Rxd2 20. Nxd2 Rd8 21.
f4 Nd4 22. Kf2 f5 23. e5 Bf8 24. Nf3 Nxf3 25. Kxf3 c4 26. g4 Nc5 27. Bxc5 Bxc5
28. gxf5 gxf5 29. Rd1 Rxd1 30. Nxd1 Bd4 31. Ne3 Bxb2 32. Nxf5 b4 33. Ne3 c3 34.
f5 c2 35. Bxc2 Bxa2 36. e6 Bd4 37. Bd3 a5 38. Nc4 a4 39. Nd6 Kf8 40. Ke4 Bf6
41. Nc4 b3 42. Nb6 b2 43. Nxa4 b1=Q 44. Bxb1 Bxb1+ 45. Kf4 Bd4 46. Kg4 Bc2 47.
Kh5 Kg7 0-1

[Event "Magistral Bicentenario Ciudad de Lanús"]
[Site "Lanús ARG"]
[Date "2010.04.13"]
[Round "2.5"]
[White "Blit, Jacques"]
[Black "Villanueva, Mario"]
[Result "0-1"]
[WhiteElo "2400"]
[BlackElo "2334"]
[PlyCount "82"]
[EventDate "2010.04.12"]
[EventType "tourn"]
[EventRounds "9"]
[EventCountry "ARG"]
[EventCategory "4"]
[Source "lmi"]
[SourceDate "2010.04.12"]

1. e4 e5 2. Bc4 Nf6 3. Qe2 Nc6 4. Nf3 g6 5. d4 d6 6. dxe5 Nxe5 7. Nxe5 dxe5 8.
O-O Qe7 9. b3 Bg7 10. Ba3 c5 11. Bb5+ Bd7 12. Bxd7+ Nxd7 13. Nc3 O-O 14. Nd5
Qd6 15. Rfd1 Rfd8 16. Rd3 b6 17. Rad1 Nf6 18. b4 c4 19. R3d2 Nxd5 20. Rxd5 Qc7
21. b5 Rxd5 22. exd5 Rc8 23. f4 exf4 24. d6 Qd7 25. Qe7 Rd8 26. Qe4 Qe6 27.
Qxf4 Be5 28. Qh4 f6 29. Re1 Qd5 30. Rxe5 Qxe5 31. Qxc4+ Kg7 32. Qc7+ Kh6 33.
Qe7 Qxe7 34. dxe7 Rc8 35. c4 Kg7 36. c5 Kf7 37. c6 a6 38. bxa6 Rxc6 39. a7 Rc8
40. Bd6 Rc1+ 41. Kf2 Rc2+ 0-1

[Event "Magistral Bicentenario Ciudad de Lanús"]
[Site "Lanús ARG"]
[Date "2010.04.14"]
[Round "3.1"]
[White "Villanueva, Mario"]
[Black "Contin, Daniel"]
[Result "1-0"]
[WhiteElo "2334"]
[BlackElo "2303"]
[PlyCount "73"]
[EventDate "2010.04.12"]
[EventType "tourn"]
[EventRounds "9"]
[EventCountry "ARG"]
[EventCategory "4"]
[Source "lmi"]
[SourceDate "2010.04.12"]

1. e4 e6 2. d4 d5 3. Nd2 c5 4. Ngf3 a6 5. exd5 exd5 6. Be2 Nf6 7. O-O cxd4 8.
Nb3 Bd6 9. Nbxd4 h6 10. Nh4 g6 11. Re1 Ne4 12. Nhf3 Kf8 13. Bd3 Nc5 14. b3 Be7
15. Ne5 Nxd3 16. Qxd3 Kg7 17. Bb2 Bf6 18. Re3 Qd6 19. Rae1 Nc6 20. Ndxc6 bxc6
21. Nxg6 Bxb2 22. Nxh8 Kxh8 23. Re8+ Kg7 24. c3 Qf4 25. Qe3 Qf6 26. Qg3+ Qg5
27. Qxg5+ hxg5 28. Rd8 Bxc3 29. Ree8 d4 30. Rxc8 Rxc8 31. Rxc8 d3 32. Kf1 a5
33. Rxc6 Bb4 34. Rc7 Kf6 35. Rd7 d2 36. Ke2 Ke6 37. Rxd2 1-0

[Event "Magistral Bicentenario Ciudad de Lanús"]
[Site "Lanús ARG"]
[Date "2010.04.14"]
[Round "3.2"]
[White "Barrionuevo, Pablo"]
[Black "Blit, Jacques"]
[Result "0-1"]
[WhiteElo "2400"]
[BlackElo "2327"]
[PlyCount "120"]
[EventDate "2010.04.12"]
[EventType "tourn"]
[EventRounds "9"]
[EventCountry "ARG"]
[EventCategory "4"]
[Source "lmi"]
[SourceDate "2010.04.12"]

1. d4 d6 2. Nf3 Bg4 3. e4 Nf6 4. Nc3 c6 5. h3 Bxf3 6. Qxf3 Nbd7 7. g4 e5 8.
dxe5 Nxe5 9. Qe2 h6 10. f4 Ng6 11. Bd2 Qc7 12. O-O-O O-O-O 13. Qf2 Kb8 14. Be3
Qa5 15. Bg2 Nd7 16. Rd4 Nb6 17. Kb1 Be7 18. g5 c5 19. Rd5 hxg5 20. fxg5 f6 21.
Rhd1 Rhf8 22. Qg3 Ne5 23. Bf4 fxg5 24. Bxe5 Nxd5 25. Nxd5 dxe5 26. Qxe5+ Bd6
27. Qxg5 c4 28. e5 Bc5 29. e6 Rfe8 30. Qg3+ Rd6 31. Qxg7 Rexe6 32. Qg3 a6 33.
a3 Ka7 34. h4 Re2 35. Qf3 Re1 36. Rxe1 Qxe1+ 37. Ka2 Qxh4 38. Nf6 Rc6 39. Ne4
Qe7 40. Qc3 Rc7 41. Bf3 Bb6 42. Nf6 Qg7 43. Bd5 Rc5 44. Kb1 Bd8 45. Qe3 Qe7 46.
Ne4 Bb6 47. Qd2 Rc7 48. Nc3 Ba5 49. Qd4+ Qc5 50. Qxc5+ Rxc5 51. Bf7 Bxc3 52.
bxc3 Kb6 53. Kb2 Kc7 54. Bg8 Kd6 55. Bf7 Ke5 56. a4 a5 57. Be8 Ke4 58. Bd7 Ke3
59. Be8 Kd2 60. Bd7 Rc6 0-1

[Event "Magistral Bicentenario Ciudad de Lanús"]
[Site "Lanús ARG"]
[Date "2010.04.14"]
[Round "3.3"]
[White "Nedilski, Diego"]
[Black "Filion, Charles"]
[Result "0-1"]
[WhiteElo "2340"]
[BlackElo "2217"]
[PlyCount "106"]
[EventDate "2010.04.12"]
[EventType "tourn"]
[EventRounds "9"]
[EventCountry "ARG"]
[EventCategory "4"]
[Source "lmi"]
[SourceDate "2010.04.12"]

1. c4 e5 2. g3 Nf6 3. Bg2 Nc6 4. Nc3 g6 5. Nf3 Bg7 6. O-O O-O 7. d4 exd4 8.
Nxd4 Nxd4 9. Qxd4 d6 10. Qd2 Rb8 11. b3 a6 12. a4 Bd7 13. a5 Bc6 14. Bb2 Bxg2
15. Kxg2 Re8 16. Rad1 b6 17. Qc2 Qc8 18. axb6 Rxb6 19. Nd5 Nxd5 20. cxd5 Bxb2
21. Qxb2 Qb7 22. Rd3 Rb5 23. Rc1 Rxd5 24. Rxc7 Qxc7 25. Rxd5 Qb7 26. Qd4 Rxe2
27. Kf1 Rc2 28. b4 Qc6 29. Qd3 Rc3 30. Qd2 Rc4 31. h4 Rxb4 32. h5 Rb1+ 33. Ke2
Qb7 34. Ke3 Rb3+ 35. Kf4 Qb4+ 36. Qxb4 Rxb4+ 37. Ke3 Rb6 38. h6 f6 39. Rd4 g5
40. f4 gxf4+ 41. gxf4 f5 42. Rd5 Kf7 43. Rxf5+ Kg6 44. Rg5+ Kxh6 45. Ke4 Rb4+
46. Kf3 Rb5 47. Rg8 Kh5 48. Ke4 a5 49. Rd8 d5+ 50. Rxd5+ Rxd5 51. Kxd5 Kg4 52.
Ke4 a4 53. f5 Kg5 0-1

[Event "Magistral Bicentenario Ciudad de Lanús"]
[Site "Lanús ARG"]
[Date "2010.04.14"]
[Round "3.4"]
[White "Saldaño Dayer, Horacio"]
[Black "Meza, Hugo"]
[Result "1-0"]
[WhiteElo "2428"]
[BlackElo "2313"]
[PlyCount "45"]
[EventDate "2010.04.12"]
[EventType "tourn"]
[EventRounds "9"]
[EventCountry "ARG"]
[EventCategory "4"]
[Source "lmi"]
[SourceDate "2010.04.12"]

1. e4 c5 2. Nf3 g6 3. d4 Bg7 4. dxc5 Qa5+ 5. c3 Qxc5 6. Na3 Nc6 7. Nc4 Na5 8.
Be3 Qc7 9. Qa4 Nc6 10. Nb6 Rb8 11. Nd5 Qd8 12. Rd1 d6 13. e5 Bd7 14. exd6 exd6
15. Qf4 Be6 16. Bb5 Nge7 17. Nxe7 Qxe7 18. Qxd6 Qxd6 19. Rxd6 O-O 20. a3 a6 21.
Be2 Na5 22. Bb6 Nc4 23. Rxe6 1-0

[Event "Magistral Bicentenario Ciudad de Lanús"]
[Site "Lanús ARG"]
[Date "2010.04.14"]
[Round "3.5"]
[White "Pierrot, Facundo"]
[Black "Barreto Filho, Carlos Alberto"]
[Result "1-0"]
[WhiteElo "2415"]
[BlackElo "2362"]
[PlyCount "103"]
[EventDate "2010.04.12"]
[EventType "tourn"]
[EventRounds "9"]
[EventCountry "ARG"]
[EventCategory "4"]
[Source "lmi"]
[SourceDate "2010.04.12"]

1. e4 c5 2. Nf3 d6 3. d4 cxd4 4. Nxd4 Nf6 5. Nc3 Nc6 6. Be2 e5 7. Nf3 h6 8. O-O
Be6 9. Re1 Be7 10. Bf1 O-O 11. h3 Rc8 12. Nd5 Nb8 13. Nxe7+ Qxe7 14. b3 Nbd7
15. c4 Nc5 16. Nd2 Bd7 17. b4 Ba4 18. Qe2 Ne6 19. Bb2 a6 20. Rac1 Nf4 21. Qe3
Bd7 22. Nb1 Be6 23. a4 a5 24. bxa5 Nd7 25. Red1 Nc5 26. Ba3 Rfd8 27. Kh2 Nxa4
28. Nc3 Nxc3 29. Qxc3 Qc7 30. Bb4 Qc6 31. Qe3 Nh5 32. c5 dxc5 33. Rxd8+ Rxd8
34. Bxc5 Qa4 35. Bb6 Rc8 36. Rxc8+ Bxc8 37. Qc5 Qe8 38. Bb5 Qe6 39. Bc4 Qe8 40.
Qc7 Nf4 41. Bxf7+ Qxf7 42. Qxc8+ Kh7 43. Qc7 Qg6 44. g3 Nd3 45. Qxb7 Qh5 46.
Qd7 Qe2 47. a6 Ne1 48. Qf5+ Kg8 49. a7 Nf3+ 50. Qxf3 Qxf3 51. a8=Q+ Kh7 52. Qd5
1-0

[Event "Magistral Bicentenario Ciudad de Lanús"]
[Site "Lanús ARG"]
[Date "2010.04.15"]
[Round "4.1"]
[White "Contin, Daniel"]
[Black "Barreto Filho, Carlos Alberto"]
[Result "1/2-1/2"]
[WhiteElo "2309"]
[BlackElo "2362"]
[PlyCount "41"]
[EventDate "2010.04.12"]
[EventType "tourn"]
[EventRounds "9"]
[EventCountry "ARG"]
[EventCategory "4"]
[Source "lmi"]
[SourceDate "2010.04.12"]

1. Nf3 Nf6 2. c4 g6 3. b3 Bg7 4. Bb2 O-O 5. g3 d6 6. Bg2 e5 7. O-O Nc6 8. Nc3
Nd7 9. d3 f5 10. Nd2 Nc5 11. Nd5 a5 12. a3 Ne6 13. b4 Ne7 14. f4 c6 15. Nxe7+
Qxe7 16. fxe5 dxe5 17. c5 axb4 18. axb4 Rxa1 19. Bxa1 Nd4 20. e3 Nb5 21. Qe2
1/2-1/2

[Event "Magistral Bicentenario Ciudad de Lanús"]
[Site "Lanús ARG"]
[Date "2010.04.15"]
[Round "4.2"]
[White "Meza, Hugo"]
[Black "Pierrot, Facundo"]
[Result "1/2-1/2"]
[WhiteElo "2313"]
[BlackElo "2415"]
[PlyCount "57"]
[EventDate "2010.04.12"]
[EventType "tourn"]
[EventRounds "9"]
[EventCountry "ARG"]
[EventCategory "4"]
[Source "lmi"]
[SourceDate "2010.04.12"]

1. d4 d5 2. c4 c6 3. cxd5 cxd5 4. Bf4 Nf6 5. e3 Nc6 6. Nc3 a6 7. Rc1 Bf5 8. Nf3
e6 9. Qb3 Ra7 10. Be2 Bd6 11. Bxd6 Qxd6 12. Na4 Nd7 13. O-O O-O 14. Nc5 Nxc5
15. Rxc5 Bg4 16. Qb6 Rfa8 17. a4 Qd8 18. a5 Qe7 19. Rfc1 g6 20. h3 Bxf3 21.
Bxf3 Rd8 22. e4 Raa8 23. exd5 Nxd4 24. Bg4 exd5 25. Rc7 Qe5 26. Rxb7 h5 27. Rd1
hxg4 28. Qxd4 Qxd4 29. Rxd4 1/2-1/2

[Event "Magistral Bicentenario Ciudad de Lanús"]
[Site "Lanús ARG"]
[Date "2010.04.15"]
[Round "4.3"]
[White "Filion, Charles"]
[Black "Saldaño Dayer, Horacio"]
[Result "1/2-1/2"]
[WhiteElo "2217"]
[BlackElo "2428"]
[PlyCount "130"]
[EventDate "2010.04.12"]
[EventType "tourn"]
[EventRounds "9"]
[EventCountry "ARG"]
[EventCategory "4"]
[Source "lmi"]
[SourceDate "2010.04.12"]

1. d4 d5 2. c4 e6 3. Nc3 Be7 4. cxd5 exd5 5. Bf4 c6 6. e3 Bd6 7. Bg3 Ne7 8. Bd3
Bf5 9. Nf3 O-O 10. O-O Bxd3 11. Qxd3 Ng6 12. Rab1 a5 13. Na4 Na6 14. Rfc1 f5
15. Bxd6 Qxd6 16. g3 Qe6 17. Nc5 Nxc5 18. Rxc5 a4 19. h4 Qe4 20. Qd1 f4 21. Ng5
Qf5 22. e4 Qf6 23. e5 Qf5 24. g4 Qc8 25. f3 Re8 26. Qc2 Nf8 27. Qf5 Re7 28.
Qxc8 Rxc8 29. Rd1 Ra8 30. Rc3 h6 31. Nh3 Ne6 32. Ra3 Ree8 33. Kf2 Ra6 34. Rd2
Rea8 35. Ke2 g5 36. h5 Rb6 37. Nf2 Ra5 38. Nd1 Rb4 39. Rad3 c5 40. dxc5 d4 41.
a3 Rc4 42. b4 axb3 43. Rxb3 Nxc5 44. Rb4 d3+ 45. Rxd3 Nxd3 46. Rxc4 Nxe5 47.
Rc8+ Kf7 48. Rc7+ Kg8 49. Rc8+ Kf7 50. Rc7+ Ke6 51. Rxb7 Rxa3 52. Rb6+ Kd5 53.
Rxh6 Rxf3 54. Rh8 Rh3 55. Nf2 Rh2 56. Kf1 Kd4 57. Kg1 Nf3+ 58. Kf1 Ne5 59. Kg1
Rh4 60. Rd8+ Kc4 61. Rc8+ Kd5 62. Rg8 Ke6 63. Kg2 Nxg4 64. Rxg5 Nxf2 65. Kxf2
Kf6 1/2-1/2

[Event "Magistral Bicentenario Ciudad de Lanús"]
[Site "Lanús ARG"]
[Date "2010.04.15"]
[Round "4.5"]
[White "Villanueva, Mario"]
[Black "Barrionuevo, Pablo"]
[Result "1/2-1/2"]
[WhiteElo "2334"]
[BlackElo "2327"]
[PlyCount "86"]
[EventDate "2010.04.12"]
[EventType "tourn"]
[EventRounds "9"]
[EventCountry "ARG"]
[EventCategory "4"]
[Source "lmi"]
[SourceDate "2010.04.12"]

1. e4 d6 2. d4 Nf6 3. Nc3 g6 4. f4 Bg7 5. Nf3 O-O 6. Bd3 Na6 7. e5 Nd7 8. Be3
c5 9. Bxa6 bxa6 10. dxc5 Nxc5 11. exd6 exd6 12. O-O Rb8 13. Rb1 Bb7 14. Bd4
Bxd4+ 15. Qxd4 Ne6 16. Qd2 Qf6 17. Qxd6 Rfd8 18. Qe5 Qxf4 19. Rbd1 Rxd1 20.
Nxd1 Rd8 21. Qxf4 Nxf4 22. Ne3 h6 23. Kf2 Rd6 24. Rd1 Rf6 25. Ng4 Rb6 26. b3
Kg7 27. Nge5 Re6 28. Rd7 Bxf3 29. Rxf7+ Kg8 30. Rxf4 Bxg2 31. Kxg2 Rxe5 32. Rf6
Kg7 33. Rxa6 Re2+ 34. Kg3 Rxc2 35. Rxa7+ Kf6 36. b4 Rc3+ 37. Kf2 Rc2+ 38. Ke3
Rxh2 39. Kd4 g5 40. b5 g4 41. b6 Rb2 42. b7 g3 43. Ra3 Rxb7 1/2-1/2

[Event "Magistral Bicentenario Ciudad de Lanús"]
[Site "Lanús ARG"]
[Date "2010.04.16"]
[Round "5.2"]
[White "Nedilski, Diego"]
[Black "Villanueva, Mario"]
[Result "1/2-1/2"]
[WhiteElo "2340"]
[BlackElo "2334"]
[PlyCount "69"]
[EventDate "2010.04.12"]
[EventType "tourn"]
[EventRounds "9"]
[EventCountry "ARG"]
[EventCategory "4"]
[Source "lmi"]
[SourceDate "2010.04.12"]

1. g3 g6 2. Bg2 Bg7 3. d3 Nf6 4. f4 d5 5. Nf3 c5 6. O-O Nc6 7. c3 O-O 8. Qe1 d4
9. Na3 Nd5 10. Bd2 b6 11. Nc2 Bb7 12. Rb1 a5 13. a3 a4 14. cxd4 Nxd4 15. Nfxd4
cxd4 16. Qf2 Rc8 17. Rfc1 Qd7 18. Kf1 Nf6 19. Bxb7 Qxb7 20. Kg1 Qd5 21. Nb4 Qd6
22. Qf3 Rc5 23. Na6 Rxc1+ 24. Rxc1 Qe6 25. Rc4 Rc8 26. Rxc8+ Qxc8 27. Nb4 h5
28. Nc6 Qd7 29. Bb4 Bf8 30. Ne5 Qe6 31. Qa8 h4 32. Qf3 hxg3 33. hxg3 Nd5 34.
Bd2 Bg7 35. Qg4 1/2-1/2

[Event "Magistral Bicentenario Ciudad de Lanús"]
[Site "Lanús ARG"]
[Date "2010.04.16"]
[Round "5.3"]
[White "Saldaño Dayer, Horacio"]
[Black "Blit, Jacques"]
[Result "1/2-1/2"]
[WhiteElo "2428"]
[BlackElo "2400"]
[PlyCount "34"]
[EventDate "2010.04.12"]
[EventType "tourn"]
[EventRounds "9"]
[EventCountry "ARG"]
[EventCategory "4"]
[Source "lmi"]
[SourceDate "2010.04.12"]

1. e4 c5 2. Nf3 Nc6 3. Bb5 g6 4. O-O Bg7 5. Re1 e5 6. Bxc6 dxc6 7. d3 Qe7 8.
Nbd2 Nf6 9. Nc4 Nd7 10. Bd2 O-O 11. a3 b6 12. b4 Ba6 13. Bc3 Bxc4 14. dxc4 Rfd8
15. Qe2 cxb4 16. axb4 a6 17. Nd2 c5 1/2-1/2

[Event "Magistral Bicentenario Ciudad de Lanús"]
[Site "Lanús ARG"]
[Date "2010.04.16"]
[Round "5.4"]
[White "Pierrot, Facundo"]
[Black "Filion, Charles"]
[Result "1-0"]
[WhiteElo "2415"]
[BlackElo "2217"]
[PlyCount "61"]
[EventDate "2010.04.12"]
[EventType "tourn"]
[EventRounds "9"]
[EventCountry "ARG"]
[EventCategory "4"]
[Source "lmi"]
[SourceDate "2010.04.12"]

1. e4 c5 2. Nf3 d6 3. d4 cxd4 4. Nxd4 Nf6 5. Nc3 Nc6 6. Bc4 Qb6 7. Ndb5 a6 8.
Be3 Qa5 9. Nd4 e6 10. O-O Be7 11. Bb3 O-O 12. f4 Bd7 13. f5 Nxd4 14. Bxd4 e5
15. Bf2 Bc6 16. Qd3 b5 17. a3 b4 18. axb4 Qxb4 19. Bh4 a5 20. Bxf6 Bxf6 21. Ra2
Qd4+ 22. Kh1 a4 23. Bd5 Bxd5 24. Nxd5 Qxd3 25. cxd3 Rfb8 26. Rfa1 h6 27. b4 Kh7
28. Rxa4 Rxa4 29. Rxa4 Rc8 30. Ra1 Rc2 31. Rb1 1-0

[Event "Magistral Bicentenario Ciudad de Lanús"]
[Site "Lanús ARG"]
[Date "2010.04.16"]
[Round "5.5"]
[White "Barreto Filho, Carlos Alberto"]
[Black "Meza, Hugo"]
[Result "1-0"]
[WhiteElo "2362"]
[BlackElo "2313"]
[PlyCount "107"]
[EventDate "2010.04.12"]
[EventType "tourn"]
[EventRounds "9"]
[EventCountry "ARG"]
[EventCategory "4"]
[Source "lmi"]
[SourceDate "2010.04.12"]

1. d4 Nf6 2. c4 e6 3. Nf3 c5 4. Nc3 cxd4 5. Nxd4 Bb4 6. Ndb5 O-O 7. a3 Bxc3+ 8.
Nxc3 d5 9. Bg5 Nc6 10. e3 h6 11. Bh4 d4 12. exd4 Nxd4 13. Bd3 e5 14. O-O Qb6
15. Bxf6 Qxf6 16. Nd5 Qd8 17. Re1 Re8 18. Qh5 Qd6 19. f4 e4 20. Bxe4 Be6 21.
Rad1 Bxd5 22. Qxd5 Qxd5 23. cxd5 Nb5 24. d6 Rad8 25. d7 Re7 26. Bxb7 Rdxd7 27.
Bc6 Rxd1 28. Rxd1 Nc7 29. Rd7 Rxd7 30. Bxd7 Kf8 31. Kf2 Ke7 32. Bc8 Kd6 33. Ke3
Nd5+ 34. Ke4 Nb6 35. Ba6 Nd7 36. Bc4 Nc5+ 37. Kd4 f6 38. b4 Nd7 39. a4 Nb8 40.
b5 Nd7 41. a5 Nc5 42. Bd5 Nd7 43. b6 a6 44. Bc4 Nb8 45. Bd5 Nd7 46. Bf3 Nc5 47.
Kc4 g6 48. g3 g5 49. fxg5 fxg5 50. Bg2 Nd7 51. Bb7 Nc5 52. Bc8 Kc6 53. h4 gxh4
54. gxh4 1-0

[Event "Magistral Bicentenario Ciudad de Lanús"]
[Site "Lanús ARG"]
[Date "2010.04.17"]
[Round "6.1"]
[White "Contin, Daniel"]
[Black "Meza, Hugo"]
[Result "1-0"]
[WhiteElo "2309"]
[BlackElo "2313"]
[PlyCount "50"]
[EventDate "2010.04.12"]
[EventType "tourn"]
[EventRounds "9"]
[EventCountry "ARG"]
[EventCategory "4"]
[Source "lmi"]
[SourceDate "2010.04.12"]

1. c4 Nf6 2. Nc3 e6 3. e4 d5 4. e5 d4 5. exf6 Qxf6 6. Ne4 Qg6 7. d3 Be7 8. Nf3
Nc6 9. Bf4 e5 10. Nxe5 Nxe5 11. Bxe5 Qe6 12. Bxg7 Bb4+ 13. Ke2 Qg4+ 14. f3 Qxg7
15. Qa4+ Bd7 16. Qxb4 O-O-O 17. Re1 f5 18. Nc5 Rde8+ 19. Kd1 Rxe1+ 20. Qxe1 Re8
21. Qa5 Bc6 22. Qxa7 b6 23. Na6 Qe5 24. Qxc7+ Qxc7 25. Nxc7 Kxc7 1-0